Por si un día volvemos (Record no. 7)

MARC details
000 -LEADER
campo de control de longitud fija 00618nam a22001937a 4500
003 - IDENTIFICADOR DE NÚMERO DE CONTROL
campo de control OSt
005 - FECHA Y HORA DE LA ÚLTIMA TRANSACCIÓN
campo de control 20250813181833.0
008 - DATOS DE LONGITUD FIJA--INFORMACIÓN GENERAL
campo de control de longitud fija 250809b |||||||| |||| 00| 0 eng d
020 ## - NÚMERO INTERNACIONAL ESTÁNDAR DEL LIBRO
Número Internacional Estándar del Libro 978-84-08-29959-2
040 ## - FUENTE DE CATALOGACIÓN
Centro/agencia transcriptor Biblioteca Centerville
100 ## - ENTRADA PRINCIPAL--NOMBRE DE PERSONA
Nombre de persona Dueñas, María
Fechas asociadas al nombre (1964-)
9 (RLIN) 13
Término indicativo de función/relación autor
245 ## - MENCIÓN DEL TÍTULO
Título Por si un día volvemos
Resto del título :
Mención de responsabilidad, etc. / María Dueñas
250 ## - MENCION DE EDICION
Mención de edición Primera edición: marzo 2025
260 ## - PUBLICACIÓN, DISTRIBUCIÓN, ETC.
Lugar de publicación, distribución, etc. Barcelona
Nombre del editor, distribuidor, etc. Editorial Planeta, S.A.
Fecha de publicación, distribución, etc. 2025
300 ## - DESCRIPCIÓN FÍSICA
Extensión 536 páginas
Dimensiones 25 cm
490 ## - MENCIÓN DE SERIE
Mención de serie Autores Españoles e Iberoamericanos
700 ## - ENTRADA AGREGADA--NOMBRE PERSONAL
Nombre de persona Gálvez Martín Cristina
Fechas asociadas al nombre (1977-)
9 (RLIN) 10
Término indicativo de función/relación Colaborador
942 ## - ELEMENTOS DE ENTRADA SECUNDARIOS (KOHA)
Fuente de la clasificación o esquema de estantería Clasificación Decimal Dewey
Tipo de ítem Koha Monografías
Suprimir en OPAC No
Holdings
Estatus retirado Estado de pérdida Fuente de la clasificación o esquema de estantería Estado de daño No para préstamo Colección Biblioteca de origen Biblioteca actual Ubicación en estantería Fecha de adquisición Total de préstamos Signatura topográfica completa Código de barras Fecha de vencimiento Visto por última vez Fecha del último préstamo Precio de reemplazo Tipo de ítem Koha
    Clasificación Decimal Dewey     Ficción Centerville Centerville Colección general 08/08/2025 1 830 DUE por 112693 09/08/2025 09/08/2025 09/08/2025 09/08/2025 Monografías